XIX uncu asır sazşairlerinden Beşiktaşʼlı Gedaı̂. (Record no. 45029)

MARC details
000 -LEADER
fixed length control field 00669cam a22002051 4500
001 - CONTROL NUMBER
control field ne 62000290
003 - CONTROL NUMBER IDENTIFIER
control field DLC
005 - DATE AND TIME OF LATEST TRANSACTION
control field 20260227111734.0
008 - FIXED-LENGTH DATA ELEMENTS--GENERAL INFORMATION
fixed length control field 900823s1933 tu 000 0 tur
010 ## - LIBRARY OF CONGRESS CONTROL NUMBER
LC control number ne 62000290
035 ## - SYSTEM CONTROL NUMBER
System control number (OCoLC)22262746
040 ## - CATALOGING SOURCE
Original cataloging agency DLC
Transcribing agency CLU
Modifying agency OCoLC
-- DLC
050 00 - LIBRARY OF CONGRESS CALL NUMBER
Classification number PL248.G4
Item number Z65
100 1# - MAIN ENTRY--PERSONAL NAME
Personal name Ergun, Sadettin Nüzhet.
245 00 - TITLE STATEMENT
Title XIX uncu asır sazşairlerinden Beşiktaşʼlı Gedaı̂.
Statement of responsibility, etc. [Hazırlıyan] Sadettin Nüzhet.
246 3# - VARYING FORM OF TITLE
Title proper/short title Ondokuzuncu asır sazşairlerinden Beşiktaşʼlı Gedaı̂
260 ## - PUBLICATION, DISTRIBUTION, ETC.
Place of publication, distribution, etc. [İstanbul]
Name of publisher, distributor, etc. Sühulet Kütüphanesi
Date of publication, distribution, etc. [1933?]
300 ## - PHYSICAL DESCRIPTION
Extent 106 p.
Dimensions 20 cm.
700 0# - ADDED ENTRY--PERSONAL NAME
Personal name Gedaı,
Dates associated with a name -approximately 1889.

No items available.

Powered by Koha